000 00641nam a2200229Ia 4500
003 OSt
005 20221007070856.0
006 a|||||r|||| 00| 0
007 ta
008 221006b |||||||| |||| 00| 0 eng d
024 _a2,034
037 _cTextual
040 _aFLL
_cFLL
_beng
041 _2eng
_aeng
082 _aYb4, M0
100 _aKaplan A. Au.
_9687876
245 0 _aConduct of inquiry
_b Methodology for behavioural science
260 _aJaipur
_bSachin publications India
_c1980
650 _aConduct of inquiry
_9687877
942 _hYb4, M0
_cTEXL
_2CC
999 _c1141779
_d1141779